| 000 | 00637cem a2200181 i 4500 | ||
|---|---|---|---|
| 040 | _cDLC | ||
| 082 | _aFAO TEC 2019 C131 Or. | ||
| 110 | 1 | _aGreat Britain. | |
| 245 | 1 | 0 |
_aTechnical Cooperation Programme 2019 Report _bCatalysing results towards the sustainble Develipment Goals |
| 246 | 3 | 0 | _aMaletsunyane Falls tourist map |
| 246 | 1 | _aOSD 2947 | |
| 250 | _aEdition 1-OSD 2019. | ||
| 300 |
_a1 map : _bcolor ; _c73 x 46 cm, on sheet 82 x 67 cm |
||
| 500 | _aRelief shown by shading and spot heights. | ||
| 500 | _a"© Lesotho Government 2019." | ||
| 500 | _aIncludes text, 2 ancillary maps, and color illustration | ||
| 942 | _cAEDBB | ||
| 999 |
_c20962 _d20962 |
||